000 00271nam a22001097a 4500
082 _a621.3 LAM'E
100 _aLAMB, D. R
_978544
245 _aELECTRICAL CONDUCTION MECHANISMS IN THIN INSULATING FILMS
260 _aLONDON
_bMETHUEN
_c1967
300 _a114P
942 _cBK
999 _c583654
_d583654